Stamps of the Vatican City State (1929 - 1976) (Record no. 2568)

000 -LEADER
fixed length control field 00442nam a22000977a 4500
008 - FIXED-LENGTH DATA ELEMENTS--GENERAL INFORMATION
fixed length control field 171209b xxu||||| |||| 00| 0 eng d
100 ## - MAIN ENTRY--AUTHOR'S NAME
Author's Name Governatorato S.C.V.,
245 ## - TITLE STATEMENT
Title Stamps of the Vatican City State (1929 - 1976)
Remainder of title I francobolli dello Stato della Citta del Vaticano
260 ## - PUBLICATION, DISTRIBUTION, ETC. (IMPRINT)
Place of publication, distribution, etc. Vatican City
Name of publisher, distributor, etc. Governatorato S.C.V.,
Date of publication, distribution, etc. 1977
650 ## - TOPICAL TERM (Tag)
Topical term or geographic name Vatican City (1929-) | Designs | Catalogs and Price Lists | Vatican City (1929-) | Postal Stationery | Cards
Holdings
Withdrawn status Lost status Source of classification or shelving scheme Damaged status Koha normalized classification for sorting Not for loan Permanent Location Current Location Shelving location Date acquired Total Checkouts Full call number Barcode Date last seen Copy number Price effective from Koha item type Public note
        G6714 R7 V3 F825   Northern Philatelic Library Northern Philatelic Library General Stacks 12/09/2017   G6714 R7V3 F825 1002837 12/09/2017 1 12/09/2017 Books Italian with English translation

Powered by Koha